El Monestir de Sant Llorenç prop Bagà : Guardiola de Berguedà Guardiola de Berguedà
Publicado:
[Barcelona] :
Diputació de Barcelona. Àrea de Cooperació. Servei del Patrimoni Arquitectònic Local ; Ajuntament de Guardiola de Berguedà ,
1999
Descripción Física:
[10] p. : il. col. ; 21 cm
MARC
| LEADER | 00000nam a2200000Ia 4500 | ||
|---|---|---|---|
| 001 | 12817 | ||
| 008 | 160829s1999 xx 000 0 cat d | ||
| 080 | |a FU-14-52 | ||
| 245 | |a El Monestir de Sant Llorenç prop Bagà : |b Guardiola de Berguedà | ||
| 260 | |a [Barcelona] : |b Diputació de Barcelona. Àrea de Cooperació. Servei del Patrimoni Arquitectònic Local ; Ajuntament de Guardiola de Berguedà, |c 1999 | ||
| 300 | |a [10] p. : |b il. col. ; |c 21 cm | ||
| 610 | 2 | 0 | |a Monestir de Sant Llorenç prop Bagà |x Història |9 52726 |
| 650 | |a Monestirs |x Conservació i restauració |9 32837 | ||
| 710 | 1 | |a Guardiola de Berguedà (Catalunya). |b Ajuntament |9 52727 | |
| 710 | |a Barcelona (Catalunya : Província). |b Servei de Patrimoni Arquitectònic Local |9 19202 | ||
| 901 | |a Arxiu | ||
| 942 | |n 1 | ||
| 952 | |0 0 |1 0 |4 0 |6 FU1452 |7 1 |9 46119 |a Arxiu |b Arxiu |d 2016-12-01 |l 0 |o FU-14-52 |p 12817 |r 2016-12-01 00:00:00 |w 2016-12-01 |y ARXIU | ||
| 999 | |c 49621 |d 49621 | ||